Modern systems research for the behavioral scientist : (Record no. 66273)
[ view plain ]
| 000 -LEADER | |
|---|---|
| fixed length control field | 00814nam a2200241 a 4500 |
| 001 - CONTROL NUMBER | |
| control field | 66273 |
| 003 - CONTROL NUMBER IDENTIFIER | |
| rucl marc code | BD-RjUL |
| 005 - DATE AND TIME OF LATEST TRANSACTION | |
| control field | 20211209081522.0 |
| 008 - FIXED-LENGTH DATA ELEMENTS--GENERAL INFORMATION | |
| fixed length control field | 170315s19691968ilua b 001 0 eng |
| 035 ## - SYSTEM CONTROL NUMBER | |
| System control number | (BD-RjUL)66403 |
| 040 ## - CATALOGING SOURCE | |
| Original cataloging agency | DLC |
| Transcribing agency | DLC |
| Modifying agency | DLC |
| -- | BD-RjUL |
| Language of cataloging | eng |
| 041 ## - LANGUAGE CODE | |
| Language code of text/sound track or separate title | eng |
| 082 00 - DEWEY DECIMAL CLASSIFICATION NUMBER | |
| Edition number | 23 |
| Classification number | 620.0011 |
| Author mark and year | MOD 1969 |
| 245 10 - TITLE STATEMENT | |
| Title | Modern systems research for the behavioral scientist : |
| Remainder of title | a sourcebook / |
| Statement of responsibility, etc. | Edited by Walter Buckley ; Foreword by Anatol Rapoport. |
| 260 ## - PUBLICATION, DISTRIBUTION, ETC. (IMPRINT) | |
| Place of publication, distribution, etc. | Chicago : |
| Name of publisher, distributor, etc. | Aldine Pub. Co., |
| Date of publication, distribution, etc. | c1968 [printing 1969]. |
| 300 ## - PHYSICAL DESCRIPTION | |
| Pagination | xxv, 525 p. ; |
| Illustrations | ill. ; |
| Size | 26 cm. |
| 500 ## - GENERAL NOTE | |
| General note | Includes index. |
| 650 #0 - SUBJECT ADDED ENTRY--TOPICAL TERM | |
| Topical term or geographic name as entry element | System analysis. |
| 9 (RLIN) | 196150 |
| Topical term or geographic name as entry element | Social sciences. |
| 9 (RLIN) | 171029 |
| Topical term or geographic name as entry element | Information theory in psychology. |
| 9 (RLIN) | 196151 |
| 700 ## - ADDED ENTRY--PERSONAL NAME | |
| Personal name | Buckley, Walter Frederick, |
| 942 ## - ADDED ENTRY ELEMENTS (KOHA) | |
| Source of classification or shelving scheme | Dewey Decimal Classification |
| Koha item type | Books |
| Lost status | Source of classification or shelving scheme | Damaged status | Not for loan | Collection code | Permanent Location | Current Location | Shelving location | Date acquired | Source of acquisition | Cost, normal purchase price | Total Checkouts | Full call number | Date last seen | Copy number | Koha item type |
|---|---|---|---|---|---|---|---|---|---|---|---|---|---|---|---|
| Dewey Decimal Classification | Not For Loan | Non-fiction | Central Library, University of Rajshahi | Central Library, University of Rajshahi | Reading Room | 05/08/1971 | Zeitlinger | 150.00 | 620.0011 MOD 1969 | 15/03/2017 | C-1 | Books |